Cálculo económico y formas de propiedad

Enregistré dans:
Détails bibliographiques
Auteur principal: Bettelheim, Charles
Format: Texte
Publié: México D.F: Siglo Veintiuno
Édition:6
Tags: Ajouter un tag
Pas de tags, Soyez le premier à ajouter un tag!

MARC

LEADER 00000 a a2200000 04500
001 24667
003
040 |a CRAI/IIS  |c CRAI/IIS 
020 |a 968-23-0014-2  
090 |a 169900  
100 |a Bettelheim, Charles  
245 |a Cálculo económico y formas de propiedad  
250 |a 6  
260 |a México D.F:   |b Siglo Veintiuno  
300 |a 229 p  
999 |c 14998  |d 14998